000 00586cam a22002171 4500
001 sa 68015606
003 DLC
005 20260227112645.0
008 931105s1966 io a 000 0 sun
010 _asa 68015606
025 _aPL480:Indo-5408
035 _a(OCoLC)29252883
040 _aDLC
_cCU
_dDLC
042 _apremarc
050 0 0 _aPL5454.A2
_bS8
100 1 _aSutiasumarga, Rusman,
_d1917-
_ecomp.
245 1 0 _aKatineung kuring;
_bprosa djeung puisi.
260 _aDjakarta,
_bBalai Pustaka,
_c1966.
300 _a96 p.
_billus.
_c18 cm.
500 _aSundanese literature.
999 _c86554
_d86554